Natural rubber import is inevitable (Record no. 51599)

MARC details
000 -LEADER
fixed length control field 00345nam a2200145Ia 4500
100 ## - MAIN ENTRY--AUTHOR NAME
Personal name Jacob G.
245 #0 - TITLE STATEMENT
Title Natural rubber import is inevitable
260 ## - PUBLICATION, DISTRIBUTION, ETC. (IMPRINT)
Name of publisher Rubber Asia
Year of publication 1997
300 ## - PHYSICAL DESCRIPTION
Number of Pages 35-38
650 ## - SUBJECT ADDED ENTRY--TOPICAL TERM
Topical Term Import
650 ## - SUBJECT ADDED ENTRY--TOPICAL TERM
Topical Term Import licence
650 ## - SUBJECT ADDED ENTRY--TOPICAL TERM
Topical Term Natural rubber
942 ## - ADDED ENTRY ELEMENTS (KOHA)
Koha item type Bibliography STAF
Holdings
Withdrawn status Lost status Damaged status Not for loan Home library Current library Date acquired Serial Enumeration / chronology Koha item type
      Bibliography RRII Library RRII Library 09/04/2014 Volume 11, Issue 1 Bibliography STAF